| 000 | 00413nam a2200145Ia 4500 | ||
|---|---|---|---|
| 008 | 230917s9999||||xx |||||||||||||| ||und|| | ||
| 040 |
_e179876 _aMAIN |
||
| 041 | _aEnglish | ||
| 082 | _a891.432741 PR916A | ||
| 100 | _aरामेश्वर प्रेम | ||
| 245 | 0 | _aअंतरंग | |
| 260 |
_aनई दिल्ली _bराधाकृष्ण _c1985 |
||
| 300 | _a61 पृ. p. | ||
| 942 | _cHN | ||
| 999 |
_c71489 _d71489 |
||